ELEMENTS OF MINE VENTILATION (Record no. 8442)

MARC details
000 -LEADER
fixed length control field 00398nam a22001697a 4500
005 - DATE AND TIME OF LATEST TRANSACTION
control field 20231103122112.0
008 - FIXED-LENGTH DATA ELEMENTS--GENERAL INFORMATION
fixed length control field 231103b |||||||| |||| 00| 0 eng d
020 ## - INTERNATIONAL STANDARD BOOK NUMBER
ISBN 978-23-88459-40-2
041 ## - LANGUAGE CODE
Language code of text/sound track or separate title eng
082 ## - DEWEY DECIMAL CLASSIFICATION NUMBER
Classification number 622.42
100 ## - MAIN ENTRY--AUTHOR NAME
Personal name RAMLU. DR. M.A
245 ## - TITLE STATEMENT
Title ELEMENTS OF MINE VENTILATION
260 ## - PUBLICATION, DISTRIBUTION, ETC. (IMPRINT)
Name of publisher WHITE FALCON PUBLISHING
300 ## - PHYSICAL DESCRIPTION
Number of Pages 149;p
650 ## - SUBJECT ADDED ENTRY--TOPICAL TERM
Topical Term MINING
942 ## - ADDED ENTRY ELEMENTS (KOHA)
Koha item type Books
Holdings
Lost status Damaged status Collection code Home library Current library Shelving location Date acquired Source of acquisition Cost, normal purchase price Full call number Accession Number Koha item type
    MINING JRU Library JRU Library SHELF-100-B 03/11/2023 PURCHASE [LBI] 000225/29-10-2023 450.00 622.42 28026 Books
    MINING JRU Library JRU Library SHELF-100-B 03/11/2023 PURCHASE [LBI] 450.00 622.42 28027 Books
    MINING JRU Library JRU Library SHELF-100-B 03/11/2023 PURCHASE [LBI] 450.00 622.42 28028 Books
    MINING JRU Library JRU Library SHELF-100-B 03/11/2023 PURCHASE [LBI] 450.00 622.42 28029 Books
    MINING JRU Library JRU Library SHELF-100-B 03/11/2023 PURCHASE [LBI] 450.00 622.42 28030 Books